000 00702nam a2200181Ia 4500
008 100920s9999 xx 000 0 und d
082 _b105765
_a200 न 09
100 _aओशो रजनीश.
245 _aशक्यतांची चाहुल चेतनेचे व्दार.
260 _bसाकेत,औरंगाबाद.
_c2009
300 _a145
_bसाधी
365 _b120
520 _aधार्मिक.
630 _aशक्यतांची चाहुल चेतनेचे व्दार.
650 _aधार्मिक.
730 _aशक्यतांची चाहुल चेतनेचे व्दार.
942 _cBOOK
999 _c746196
_d746193